000 00899nam a2200229 a 4500
999 _c2070
_d2070
001 2070
003 BD-JhCC
005 20171030084311.0
008 171029s1984 bg |||| ||a| 000 0 ben d
035 _a(BD-JhCC)2070
040 _aBD-JhCC
_dBD-JhCC
041 _aben
082 _a891.4409
_bHUD 1984
100 _aহুদা, মুহম্মদ নূরুল
245 _aনিবেদন :
_bএকুশের স্বপ্ন : মুক্তি /
_cমুহম্মদ নূরুল হুদা (সম্পা.)
260 _aঢাকা :
_bবাংলা একাডেমী,
_c1984.
300 _a120 p. :
_c21 cm.
500 _aদারিদ্র থেকে মুক্তি অশিক্ষা থেকে মুক্তি জড়তা থেকে মুক্তি।
650 _aBengali Literature
942 _2ddc
_cBK